Spisový a archívny manažment pre podnikateľské subjekty

Guardado en:
Detalles Bibliográficos
Formato: Libro
Lenguaje:eslovaco
Publicado: Bratislava : PT Servis spol.s r.o., 1998
Etiquetas: Agregar Etiqueta
Sin Etiquetas, Sea el primero en etiquetar este registro!

MARC

LEADER 00000nam a22000003a 4500
001 stu49404
005 20141122031531.9
008 990408s1998------------------------slo-d
020 |a 80-967737-3-9 
040 |a STU  |b slo 
041 0 |a slo 
080 |a 676.017 
245 |a Spisový a archívny manažment pre podnikateľské subjekty 
260 |a Bratislava :  |b PT Servis spol.s r.o.,  |c 1998 
300 |a 178 s 
996 |b 284C001812  |c C*95747  |l CCI  |s A  |a 24  |w stu49404_0001